000 00288nam a22001337a 4500
008 181005b xxu||||| |||| 00| 0 eng d
020 _a9780870494208
041 _aeng
080 _a902
100 _a45
101 _aARKE
245 _aHiwasse Island
_cLewis, TH.M.N
942 _2udc
_cBK
999 _c48918
_d48918